| 000 | 00438nam a2200181Ia 4500 | ||
|---|---|---|---|
| 001 | 2428 | ||
| 005 | 20260306144806.0 | ||
| 008 | 260306t1996||||xx |||||||||||||| ||spa|| | ||
| 041 | _aESP | ||
| 082 |
_a616.89 _bP36 |
||
| 100 |
_aPédinielli, Jean-Louis _eAUT |
||
| 245 | 0 | _aIntroducción a la psicología clínica | |
| 260 | _c1996 | ||
| 300 |
_a126 páginas : _c18 cm. |
||
| 650 | _aGEN | ||
| 654 | _aCPS | ||
| 942 |
_cLIB _dJUS _fJUS _2ddc _n |
||
| 999 |
_c2428 _d2428 |
||